[Event "Sochi ChessAmateur op"]
[Site "Sochi"]
[Date "2018.04.04"]
[Round "5"]
[White "Karapetian, Albert"]
[Black "Pankratov, Oleg"]
[Result "0-1"]
[WhiteElo "1946"]
[BlackElo "2132"]
[PlyCount "84"]
[EventDate "2018.04.01"]
[EventType "swiss"]
[EventRounds "9"]
[EventCountry "RUS"]
[SourceTitle "CBM 184 Extra"]
[Source "ChessBase"]
[SourceDate "2018.06.28"]
[SourceVersion "1"]
[SourceVersionDate "2018.06.28"]
[SourceQuality "1"]

1. Nf3 c5 2. c4 Nf6 3. Nc3 e6 4. g3 b6 5. Bg2 Bb7 6. 0-0 a6 7. b3 Be7 8. Bb2 0-0 9. d4 cxd4 10. Nxd4 Bxg2 11. Kxg2 d6 12. e4 Qc7 13. f4 Qb7 14. Qf3 Nbd7 15. g4 g6 16. Nde2 b5 17. cxb5 axb5 18. g5 Nh5 19. Ng3 Ng7 20. Rfd1 b4 21. Na4 e5 22. f5 f6 23. fxg6 hxg6 24. Qd3 fxg5 25. Qd5+ Qxd5 26. Rxd5 Ne6 27. Rd2 Nec5 28. Rc2 Nxa4 29. bxa4 Nc5 30. Rd1 Rxa4 31. Rc4 Rd8 32. Ra1 Rda8 33. Rb1 Nd3 34. Rc7 Bd8 35. Rc2 Rxa2 36. Kf3 Be7 37. Ke3 Nc5 38. Nf1 g4 39. Re2 Rf8 40. Rg2 Rf3+ 41. Ke2 Rb3 42. Kd1 Nd3 0-1